[Event "Reinstorf op"]
[Site "Reinstorf"]
[Date "2022.02.06"]
[Round "9"]
[White "Kreusch, Frank"]
[Black "Bergmann, Paul"]
[Result "1-0"]
[WhiteElo "1789"]
[BlackElo "1401"]
[PlyCount "39"]
[EventDate "2022.01.29"]
[EventType "swiss"]
[EventRounds "9"]
[EventCountry "GER"]
[SourceTitle "CBM 206 Extra"]
[Source "ChessBase"]
[SourceDate "2022.03.31"]
[SourceVersion "1"]
[SourceVersionDate "2022.03.31"]
[SourceQuality "1"]

1. e4 c5 2. Nf3 g6 3. d4 Bg7 4. dxc5 Qa5+ 5. Bd2 Qxc5 6. Nc3 d6 7. Bd3 Bd7 8. h4 e6 9. h5 Bh6 10. Bxh6 Nxh6 11. hxg6 hxg6 12. Qd2 g5 13. Nxg5 f6 14. Nxe6 Bxe6 15. Rxh6 Rf8 16. 0-0-0 Nc6 17. Nd5 0-0-0 18. b4 Nxb4 19. Nxb4 a5 20. Nd5 1-0

[Event "Reinstorf Blitz op"]
[Site "Reinstorf"]
[Date "2022.02.04"]
[Round "8"]
[White "Bergmann, Paul"]
[Black "Rotaermel, Leonie"]
[Result "1-0"]
[WhiteElo "1401"]
[BlackElo "1427"]
[PlyCount "88"]
[EventDate "2022.01.29"]
[EventType "swiss (blitz)"]
[EventRounds "9"]
[EventCountry "GER"]
[SourceTitle "CBM 206 Extra"]
[Source "ChessBase"]
[SourceDate "2022.03.31"]
[SourceVersion "1"]
[SourceVersionDate "2022.03.31"]
[SourceQuality "1"]

1. d4 Nf6 2. c4 g6 3. Nf3 d6 4. Nc3 Bg7 5. Bf4 0-0 6. e3 Nbd7 7. Bd3 Re8 8. 0-0 e5 9. dxe5 dxe5 10. Bg5 h6 11. Bxf6 Bxf6 12. Nd2 Bg7 13. Qc2 f5 14. e4 Nc5 15. Be2 f4 16. b4 Nd7 17. c5 Nf6 18. Rfd1 Qe7 19. Nf3 Kh8 20. Nh4 Qf7 21. Nd5 Nxd5 22. Rxd5 Be6 23. Rd2 Rad8 24. Rad1 Rxd2 25. Rxd2 Bf6 26. Nf3 Kg7 27. Qd1 Bxa2 28. Rd7 Re7 29. Rxe7 Qxe7 30. Qc2 Bf7 31. h3 Be6 32. Nd2 Qf7 33. Bc4 Bxc4 34. Qxc4 Qxc4 35. Nxc4 b6 36. c6 Kf7 37. b5 Ke6 38. f3 g5 39. Kf2 Be7 40. g3 Bc5+ 41. Kg2 fxg3 42. Kxg3 Bb4 43. Kg4 Kf6 44. Kh5 Bf8 1-0

[Event "Reinstorf op"]
[Site "Reinstorf"]
[Date "2022.01.30"]
[Round "2"]
[White "Wagner, Frank"]
[Black "Bergmann, Paul"]
[Result "1/2-1/2"]
[WhiteElo "1756"]
[BlackElo "1401"]
[PlyCount "56"]
[EventDate "2022.01.29"]
[EventType "swiss"]
[EventRounds "9"]
[EventCountry "GER"]
[SourceTitle "CBM 206 Extra"]
[Source "ChessBase"]
[SourceDate "2022.03.31"]
[SourceVersion "1"]
[SourceVersionDate "2022.03.31"]
[SourceQuality "1"]

1. Nf3 d5 2. d4 Nf6 3. Bf4 Bf5 4. e3 e6 5. Bd3 Bxd3 6. Qxd3 c6 7. Nbd2 Nbd7 8. 0-0 h6 9. h3 Be7 10. c4 c5 11. Qb3 Qb6 12. Bh2 0-0 13. Qc2 Rfc8 14. b3 cxd4 15. exd4 Bb4 16. Qd3 Rc6 17. a3 Bxd2 18. Nxd2 dxc4 19. bxc4 Rac8 20. Rfb1 Qa6 21. Qb3 Rb6 22. Qe3 Rxb1+ 23. Rxb1 Nb6 24. c5 Nbd5 25. Qb3 b6 26. Bd6 Qe2 27. Nf3 Ne4 28. Rb2 Qa6 1/2-1/2